| 000 | 01006nam a2200277 i 4500 | ||
|---|---|---|---|
| 001 | 000035688 | ||
| 003 | DO-SdBNP | ||
| 005 | 20250115123237.0 | ||
| 007 | ta | ||
| 008 | 111108s2011 dr 000 0 spa d | ||
| 020 | _a9789945462265 | ||
| 040 |
_aDO-SdBNP _bspa _cBNPHU _erda |
||
| 049 | _aBNPD | ||
| 082 | 4 |
_222 _axxxx _bJ93a |
|
| 245 | 0 | 3 |
_aEl juicio a los asesinos de las hermanas Mirabal / _cedición y prólogo, Franklin J. Franco ; corrección, Luis Fernández |
| 250 | _aPrimera edición | ||
| 264 | 4 |
_aSanto Domingo : _bEditora Comisión Permanente de Efemérides Patria, _c2011. |
|
| 300 |
_a334 páginas : _bilustraciones, retratos ; _c24 cm. |
||
| 336 |
_atexto _btxt _2rdacontent |
||
| 337 |
_asin mediación _bn _2rdamedia |
||
| 338 |
_avolumen _bnc _2rdacarrier |
||
| 490 | 1 |
_aPublicaciones de la Comisión Permanente de Efemérides Patris, 2004-2011 _v37 |
|
| 590 | _aInventariado, 2025/BT | ||
| 700 |
_aFranco, Franklin J., _eeditor y prologuista _4ed., pr. _919014 |
||
| 942 |
_2ddc _cLBS1 |
||
| 999 |
_c35179 _d35179 |
||